000 00760nam a22002657a 4500
001 79450
003 UA-OsUOA
005 20210621215308.0
007 ta
008 20111109b un ||||| |||| 00| 0 ukr d
020 _a5308003149
040 _aUA-OsUOA
_bukr
_cUA-OsUOA
_dUA-OsUOA
041 _aukr
080 _a94(477)"1648/1659"
090 _a94(477)"1648/1659"
_bВ27
100 _aВеличко С. В.
245 _aЛітопис
_cвідп. ред. О. Мишанич
260 _aК.
_bДніпро
_c1991
300 _a642 с.
505 _gт. 2
650 7 _a9 Географія. Біографії. Історія
_2UDC
942 _cBK
_2udc
955 _a2
999 _c365778
_d365778